<?xml version="1.0" encoding="UTF-8"?>
<record
    xmlns:xsi="http://www.w3.org/2001/XMLSchema-instance"
    xsi:schemaLocation="http://www.loc.gov/MARC21/slim http://www.loc.gov/standards/marcxml/schema/MARC21slim.xsd"
    xmlns="http://www.loc.gov/MARC21/slim">

  <leader>01383nam0a2200337   4500</leader>
  <controlfield tag="001">RU\NLR\BIBL_A\012166715</controlfield>
  <controlfield tag="005">20191228160836.0</controlfield>
  <datafield tag="010" ind1=" " ind2=" ">
    <subfield code="a">978-5-17-084072-4</subfield>
    <subfield code="9">1500</subfield>
  </datafield>
  <datafield tag="021" ind1=" " ind2=" ">
    <subfield code="a">RU</subfield>
    <subfield code="b">&#x41A;&#x41D;-&#x41F;-19-085973</subfield>
    <subfield code="9">&#x41A;&#x41D;-&#x41F;-19-6271</subfield>
  </datafield>
  <datafield tag="035" ind1=" " ind2=" ">
    <subfield code="a">(NLR Aleph) 012166715</subfield>
  </datafield>
  <datafield tag="090" ind1=" " ind2=" ">
    <subfield code="a">12219348</subfield>
    <subfield code="c">12219348</subfield>
  </datafield>
  <datafield tag="100" ind1=" " ind2=" ">
    <subfield code="a">20191218d2020    d  y0rusy50      ca</subfield>
  </datafield>
  <datafield tag="101" ind1="1" ind2=" ">
    <subfield code="a">rus</subfield>
    <subfield code="c">und</subfield>
  </datafield>
  <datafield tag="102" ind1=" " ind2=" ">
    <subfield code="a">RU</subfield>
  </datafield>
  <datafield tag="105" ind1=" " ind2=" ">
    <subfield code="a">y|||z|||000ay</subfield>
  </datafield>
  <datafield tag="200" ind1="1" ind2=" ">
    <subfield code="a">&#x417;&#x434;&#x435;&#x441;&#x44C; &#x43C;&#x435;&#x440;&#x442;&#x432;&#x435;&#x446;&#x44B; &#x43F;&#x43E;&#x434; &#x441;&#x432;&#x43E;&#x434;&#x43E;&#x43C; &#x441;&#x43F;&#x44F;&#x442;</subfield>
    <subfield code="f">&#x410;&#x43B;&#x430;&#x43D; &#x411;&#x440;&#x44D;&#x434;&#x43B;&#x438;</subfield>
    <subfield code="g">[&#x43F;&#x435;&#x440;&#x435;&#x432;&#x43E;&#x434;: &#x418;&#x437;&#x43C;&#x430;&#x439;&#x43B;&#x43E;&#x432;&#x430; &#x415;.]</subfield>
  </datafield>
  <datafield tag="210" ind1=" " ind2=" ">
    <subfield code="a">&#x41C;&#x43E;&#x441;&#x43A;&#x432;&#x430;</subfield>
    <subfield code="c">&#x410;&#x421;&#x422;</subfield>
    <subfield code="c">&#x416;&#x430;&#x43D;&#x440;&#x44B;</subfield>
    <subfield code="d">2020 [&#x442;.&#x435;. 2019]</subfield>
  </datafield>
  <datafield tag="215" ind1=" " ind2=" ">
    <subfield code="a">350, [1] &#x441;.</subfield>
    <subfield code="d">21</subfield>
  </datafield>
  <datafield tag="225" ind1="1" ind2=" ">
    <subfield code="a">&#x424;&#x43B;&#x430;&#x432;&#x438;&#x44F; &#x434;&#x435; &#x41B;&#x44E;&#x441; &#x432;&#x435;&#x434;&#x435;&#x442; &#x440;&#x430;&#x441;&#x441;&#x43B;&#x435;&#x434;&#x43E;&#x432;&#x430;&#x43D;&#x438;&#x435;</subfield>
  </datafield>
  <datafield tag="300" ind1=" " ind2=" ">
    <subfield code="a">&#x41A;&#x43D;. &#x444;&#x430;&#x43A;&#x442;&#x438;&#x447;&#x435;&#x441;&#x43A;&#x438; &#x438;&#x437;&#x434;&#x430;&#x43D;&#x430; &#x432; 2019 &#x433;.</subfield>
  </datafield>
  <datafield tag="333" ind1=" " ind2=" ">
    <subfield code="a">12+</subfield>
  </datafield>
  <datafield tag="686" ind1="0" ind2=" ">
    <subfield code="a">&#x428;9(7&#x41A;)62-4</subfield>
  </datafield>
  <datafield tag="700" ind1=" " ind2="1">
    <subfield code="a">&#x411;&#x440;&#x44D;&#x434;&#x43B;&#x438;</subfield>
    <subfield code="b">&#x410;.</subfield>
    <subfield code="f">1938-</subfield>
    <subfield code="g">&#x410;&#x43B;&#x430;&#x43D;</subfield>
    <subfield code="3">RU\NLR\AUTH\770146548</subfield>
  </datafield>
  <datafield tag="942" ind1=" " ind2=" ">
    <subfield code="c">BOOK</subfield>
  </datafield>
  <datafield tag="980" ind1=" " ind2=" ">
    <subfield code="a">NBR</subfield>
  </datafield>
  <datafield tag="980" ind1=" " ind2=" ">
    <subfield code="a">NB</subfield>
  </datafield>
</record>
